MDQL
is popping MORE tags! Check the
thread
!
Quizzes
Events
Quiz Creation
Community
Videos
Private Events
Remove Ads
Sign In
Join for FREE
Feedback
Dark Mode
Quiz Categories
Sports
Geography
Music
Movies
Television
Just For Fun
Miscellaneous
History
Literature
Language
Science
Gaming
Entertainment
Religion
Holiday
For Kids
Quiz Lab
Recent
Popular Today
Quiz Kudos Today
Editor Picks
Curator Picks
Quizzes by...
Day
Popularity
Type
Ratings
Length
Year
Community
Subscriptions
Recent Discussions
Orange Saloon
Badges
Playlists
Quests
Create
Leaderboards
Showdown
Live 5
Trivia Bingo
Activity
Puzzle Library
Sporcle Events
Private Events
Virtual Trivia
Globe League
Become a Host
Pub Owners
SporcleCon
Opinionation
Our Games
Videos
Blog
Mobile Apps
Partnerships
Remove Ads and Go Orange
Feedback
Music
Pop Music
The Beatles
Song
Album
Lyrics
Bands
Singers
Artist
Clip
Rock
Rap
Classical
Billboard
Country Music
Kpop
Taylor Swift
Music
Pop Music
The Beatles
Song
Album
Lyrics
Bands
Singers
Artist
Clip
Rock
Rap
Classical
Billboard
Country Music
Kpop
Taylor Swift
Random Quiz
Search Sporcle
×
Quiz Lab
Quiz Lab
Music
Kpop
Type in answers that appear in a list
Type in answers that appear in a list
Classic
Best Score? Go Orange.
Everything Siwon (Super Junior) Trivia Quiz Stats
Can you name the Everything Siwon (Super Junior) Trivia Quiz?
By
modeofevasion
20m
30 Questions
769 Plays
769 Plays
769 Plays
Comments
Comments
Give Quiz Kudos
Give Quiz Kudos
-
- Ratings
hide this ad
More Info
Forced Order
Answers have to be entered in order
Answers have to be entered in order
Random Order
Randomize order of answers
Randomize order of answers
Replay
Link that replays current quiz
Next Quiz
Link to next quiz in quiz playlist
You Got
0%
They Got
Avg Score
28%
Avg Friend Score
Upgrade to see
Score Distribution
Jump to the score distribution portion of the page
Score
0/30
Timer
20:00
0
Plays Today
Questions
Answers
% Correct
What is his blood type?
B
77.9%
He can play which musical instrument? (Only one of two possible answers)
Drums/Piano
64.4%
What is his favorite season? (English)
Spring
56%
He is famous for which body part?
abs
55.1%
What is his twitter account?
siwon407
54.9%
His rumored trainee girlfriend was supposed to debut as a member of which girl group?
Girls' Generation
48.1%
Who is his only sibling?
Choi Jiwon
45.4%
Not including cameo appearances, how many dramas has he appeared in? (Enter in numbers)
9
45.3%
What is his favorite book? (One that he reads the most)
The Bible
44.2%
He is known to be good in what type of martial art?
Taekwondo
41.7%
When is his birth date? (Month Date, Year)
April 7, 1986
37.3%
What is his solo song for Super Show 2? (English)
Who Am I
29.6%
Who is his famous sunbae look-
alike?
Kangta
26.5%
What girl group mv did he recently appear in? (2009)
Hoot
26%
He won his first acting award for which drama?
SBS Oh! My Lady
24.6%
Questions
Answers
% Correct
What is his favorite beverage?
Coca-Cola
23.5%
He recently gained attention for correcting pronounciation of which famous Korean food?
Kimchi
22.9%
He shares his registered birthday with which label-
mate?
Choi Sooyoung
19.1%
What is his solo song for Super Show 3? (English)
Looking for the Day
13.8%
What is his solo song for Super Show 4? (English)
Your Grace Is Enough
13.8%
He modeled for which famous fashion designer? (in 2010)
Andre Kim
12.2%
He auditioned in what casting system?
Starlight Casting System
12.2%
What is his first drama appearance? (Not inlcuding cameo appearances)
KBS Eighteen, Twenty-Nine
10.4%
Who is his character in his first movie?
Prince Liang-Shi
9.5%
He is the first male endorser of what cosmetic brand?
Mamonde
9.1%
What is his favorite song? (English)
The Way You Look Tonight
8.2%
What is the English title of his first solo OST song?
Worthless/Ain't I Stupid
7.8%
What mv did he first appear in? (This is pre-
debut)
What is Love
7.2%
What is the title of the drama for his first lead role?
MBC Legend of Hyang Dan
6.8%
His stage talisman is a?
lipbalm
5.7%
Quiz Playlist
Details
Report
Send in Message
Add To Playlist
More Info:
Rating would be appreciated.
Classic:
Type in answers that appear in a list
Forced Order:
Answers have to be entered in order
Random Order:
Randomize order of answers
Last Updated: Feb 16, 2017
Quiz Scoreboard
CHALLENGE
Sign Up to Join the Scoreboard
Show All
Scores
Hide
Comments
May contain spoilers
Recently Published
Image Sorting: Flags VI
by Barbecue
Geography
2m
Find the 'City' Movie
by crazypaving
Movies
60s
Colored Red Africa Blitz
by spor1
Geography
45s
More to Explore
Quiz From the Vault
Featured Blog Post
14 Easter Pick-up Lines to Find Eggs With
hide this ad
You Might Also Like...
Tags
Kpop Quiz
Everything
junior
Korean
Kpop Quiz
Super Junior
Today's Top Quizzes in Music
Browse Music
hide this ad
Today's Top Quizzes in Kpop
Browse Kpop
Top Contributed Quizzes in Music
1
5X2 Blitz: Bands II
2
5X2 Blitz: The Beatles
3
Taylor Swift All Songs (2024)
4
5X2 Blitz: Billboard
5
5X2 Blitz: Billboard II
6
5X2 Blitz: Album
7
5X2 Blitz: Rock
8
5X2 Blitz: Singers
9
Taylor Swift Logic Puzzle II
10
5X2 Blitz: Lyrics
Explore More
Trending Topics
Crossword
Anime
Harry Potter
Marvel
Kpop
NBA
Disney
Pokémon
Puzzle
The Office
NFL
WWE
Soccer
Country
Song
hide this ad
More By:
modeofevasion
Quiz
Plays
Rating
Category
Featured
Created
Everything Han Geng (Super Junior) Trivia Quiz
236
Music
Feb 9, 2012
Everything Kyuhyun (Super Junior) Trivia Quiz
1,659
Music
Feb 3, 2012
Mnet Super 100 Idols Ranking 2008 (KPop)
963
4.20
Music
Feb 28, 2012
Everything Siwon (Super Junior) Trivia Quiz
769
Music
Feb 9, 2012
Everything Han Geng (Super Junior) Trivia Quiz
236
Music
Feb 9, 2012
Korean Magazines
226
Just For Fun
Feb 13, 2012
Go to Creator's Profile
Score Distribution
Quiz Creator Spotlight
modeofevasion
Follow
Send a Message
Quizzes Created
-
Created Quiz Play Count
-
More By This Creator
Popular Quizzes Today
1
Colored Red Africa Blitz
2
Find the US States - No Outlines Minefield
3
Find the 'City' Movie
4
5x2 Blitz: Bands
5
The Countries of the World
6
Find the US States
7
Find the Countries of Europe - No Outlines Minefield
8
US States
More Music Quizzes
Taylor Swift Music Video by Drawing
Curator's Pick
Trending Quizzes
Colored Red Europe Blitz I
Colored Red Europe Blitz II
Colored Red Africa Blitz II
Colored Red Europe Blitz III
Colored Red Africa Blitz III
Recently Updated
How Do You Spell That?
pecheneg
Godzilla Movies
pecheneg
Grab Bag: 4-10 Letters
pecheneg
2024 March Madness Bracket
pecheneg
Famous TV Couples
Peacemaker
Champions League XIs: Real Madrid
pecheneg
Largest US Cities 1790-2010
pecheneg
Rides in Walt Disney World
pecheneg
Most Oscar Losses (Acting)
pecheneg
Beyoncé Albums
pecheneg
Trending Topics
Marvel
Disney
Anime
Harry Potter
NBA
Crossword
Kpop
Country
The Office
Pokémon
Soccer
NFL
Puzzle
WWE
Song
Your Account Isn't Verified!
In order to create a playlist on Sporcle, you need to verify the email address you used during registration. Go to your
Sporcle Settings
to finish the process.
Report this User
Report this user for behavior that violates our
Community Guidelines
.
Details:
Send Report
Go to the Sporcle.com Mobile Site →
Comments